• 首页
  • 本馆介绍
  • 公告通知
  • 最新文献
  • 馆藏检索
  • 电子资源
  • 读者导购
  • 参考咨询
  • 我的图书馆
  • 登录
  • 详细信息显示
  • 放入我的书架
  • 预约/预借图书
  • 作者相关作品
  • 分类相关作品
  • 丛书相关作品
  • 出版社相关作品

书目信息

  • 表格格式
  • 工作单格式
  • 卡片格式
题名:
这才是艺术
    
 
作者: 姜啸然 编著
分册:   八大山人
出版信息: 北京   人民美术出版社  2022
页数: 111页
开本: 25cm
丛书名:
单 册:
中图分类: J051
科图分类:
主题词: 艺术评论--世界
电子资源:
ISBN: 978-7-102-08916-4
000 00795nam0 2200241 450
001 2468576321
005 20240907190259.56
010    @a978-7-102-08916-4@dCNY38.00
100    @a20230723d2022 em y0chiy0110 ea
101 0  @achi
102    @aCN@b110000
105    @aa z 000yy
200 1  @a这才是艺术@9zhe cai shi yi shu@i八大山人@b专著@f姜啸然编著
210    @a北京@c人民美术出版社@d2022
215    @a111页@c图@d25cm
330    @a本书主要内容包括:不开心的黑白世界和跟着大师一起画画吧。具体内容包括:“翻白眼”的动物们、“哭笑”不得、黑白世界、《猫石图》等。
600  0 @a八大山人@f(1626-1706)@x书画艺术@x艺术评论
606 0  @a艺术评论@y世界
690    @aJ051@v5
690    @v5
701  0 @a姜啸然@9jiang xiao ran@4编著
801  2 @aCN@b58marc.cn@c20231008
905    @aZUCC@dJ051@e14
    
    这才是艺术.八大山人/姜啸然编著.-北京:人民美术出版社,2022
    111页:图;25cm
    
    
    ISBN 978-7-102-08916-4:CNY38.00
    本书主要内容包括:不开心的黑白世界和跟着大师一起画画吧。具体内容包括:“翻白眼”的动物们、“哭笑”不得、黑白世界、《猫石图》等。
●
相关链接 在五车中查询图书 在当当中查询图书 在豆瓣中查询图书


正题名:这才是艺术     索取号:J051/14         预约/预借

序号 登录号 条形码 馆藏地/架位号 状态 备注
1 2001762535   2001762535   第四书库/四24架B面5层4列/ [索取号:J051/14] 在馆    
2 2001762536   2001762536   第四书库/四24架B面5层4列/ [索取号:J051/14] 在馆    
3 2001762537   2001762537   第四书库/四24架B面5层4列/ [索取号:J051/14] 在馆    
4 2001762538   2001762538   第四书库/四24架B面5层4列/ [索取号:J051/14] 在馆    
5 2001762539   2001762539   第四书库/四24架B面5层4列/ [索取号:J051/14] 在馆    
6 2001762540   2001762540   第四书库/四24架B面5层4列/ [索取号:J051/14] 在馆    
山东省滨州职业学院图书馆 欢迎您!
大连网信软件有限公司© 版权所有